| Поле | Название | Значение |
| |
Тип записи |
i |
| |
Библиографический уровень |
m |
| 001 |
Контрольный номер |
RU/IS/BASE/307793338 |
| 005 |
Дата корректировки |
20201206204657.7 |
| 010 |
Индекс ISBN |
__ |
| d |
Цена |
103-40 |
| 101 |
Язык документа |
__ |
| a |
Язык текста |
rus |
| c |
Язык оригинала |
rus |
| 200 |
Заглавие и сведения об ответственности |
1_ |
| a |
Заглавие |
Пьесы |
| e |
Сведения, относящиеся к заглавию |
[аудиокнига] |
| f |
Первые сведения об ответственности |
А. П. Чехов ; читает Александр Андриенко |
| b |
Общее обозначение материала |
Звукозапись |
| 210 |
Выходные данные |
__ |
| a |
Место издания |
М. |
| c |
Издательство |
Равновесие |
| d |
Дата издания |
2008 |
| 215 |
Физическое описание |
__ |
| a |
Объем |
1 электрон. опт. диск (Audio CD) (8 ч. 21 мин.) |
| 225 |
Серия |
__ |
| a |
Серия |
CD - слушай! |
| 225 |
Серия |
__ |
| a |
Серия |
Русская классика |
| 300 |
Общие примечания |
__ |
| a |
Общие примечания |
процессор Pentium-II ; память 256 МБ ОЗУ ; дисковод CD/DVD-ROM ; Windows 98/2000/XP ; звуковая карта ; колонки ; AudioCD. - Аудиосистемы с поддержкой MP3. - Техн. поддержка support@ravnovesie.com |
| 323 |
Примечание о главных создателях, исполнителях, участниках |
__ |
| a |
Примечание о главных создателях, исполнителях, участниках |
Андриенко, А. (читает) |
| 327 |
Примечание о содержании |
__ |
| a |
Примечание о содержании |
Вишневый сад |
| 327 |
Примечание о содержании |
__ |
| a |
Примечание о содержании |
Дядя Ваня |
| 327 |
Примечание о содержании |
__ |
| a |
Примечание о содержании |
Три сестры |
| 327 |
Примечание о содержании |
__ |
| a |
Примечание о содержании |
Чайка |
| 330 |
Аннотация |
__ |
| a |
Аннотация |
"Люди только обедают, носят пиджаки, а в это время решаются их судьбы, разбиваются их жизни" - так писал сам Чехов о своих пьесах. |
| 333 |
Примечание о целевом назначении |
__ |
| a |
Примечание о целевом назначении |
12+. Для детей старше 12 лет |
| 606 |
Тематические рубрики |
__ |
| a |
Основная рубрика |
Художественная литература |
| 606 |
Тематические рубрики |
__ |
| a |
Основная рубрика |
Русская литература XIX в. (произведения) |
| 610 |
Ключевые слова |
__ |
| a |
Ключевые слова |
пьесы; классическая литература; тема человека; тема родины; тема России; тема дворянства; тема любви; тема жизни |
| 686 |
Индексы других классификаций |
__ |
| a |
Классификационный индекс |
ст84(2Рос=Рус)1-6я0 |
| 700 |
Автор |
_1 |
| a |
Фамилия |
Чехов |
| b |
Имя |
А. П. |
| g |
Полное личное имя |
Антон Павлович |
| 4 |
Код отношения |
070 |
| 801 |
Источник записи |
_0 |
| a |
Страна |
RU |
| b |
Организация |
Муниципальное бюджетное учреждение культуры "Централизованная библиотечная система" г. Сургут (Центральная городская библиотека им. А. С. Пушкина) |
| g |
Правила каталогизации |
КиК/Поспелова |
| 801 |
Источник записи |
_1 |
| a |
Страна |
RU |
| b |
Организация |
Муниципальное бюджетное учреждение культуры "Централизованная библиотечная система" г. Сургут (Центральная городская библиотека им. А. С. Пушкина) |
| g |
Правила каталогизации |
КиК/Поспелова |
| 852 |
Данные о местонахождении |
__ |
| j |
Шифр хранения |
ст84(2Рос=Рус)1-6я0 |
| c |
Каталожный индекс |
ст84(2Рос=Рус)1-6я04 |
| i |
Авторский знак |
Ч-56 |
| 901 |
Тип документа |
__ |
| t |
Тип документа |
0 |
| 903 |
Характеристики (МАРС) |
__ |
| a |
Дата передачи |
20091019 |
| 969 |
Тип издания |
__ |
| a |
Тип издания |
сборник; аудиокнига |
| 990 |
Данные о заказе (DOS) |
__ |
| j |
Количество экземпляров (DOS) |
1 |
| h |
N записи в КСУ для Б/У (DOS) |
200910 |